Loading...
| Painting/Sculpture | 0 | 8 | 0 | 1 | 80 | 37 | 73.38 | 1 | 6 | 0.00 | 0.00 |
| Fine Arts - Classical Music | 0 | 7 | 2 | 0 | 60 | 35 | 51.00 | 2 | 6 | 9.55 | 20.00 |
| Science - Physics | 0 | 6 | 0 | 0 | 60 | 34 | 74.33 | 0 | 2 | 0.00 | 0.00 |
| History - European | 0 | 6 | 1 | 0 | 55 | 11 | 48.00 | 1 | 4 | 0.00 | 0.00 |
| History - World | 0 | 5 | 0 | 1 | 50 | 46 | 68.20 | 0 | 3 | 6.83 | 12.50 |
| History - American | 0 | 4 | 0 | 1 | 40 | 49 | 71.25 | 0 | 3 | 1.52 | 2.50 |
| Religion | 0 | 4 | 1 | 2 | 35 | 85 | 100.50 | 0 | 2 | 0.00 | 2.50 |
| Philosophy | 0 | 3 | 0 | 1 | 30 | 63 | 80.00 | 0 | 2 | 2.16 | 5.00 |
| Social Science | 0 | 3 | 1 | 1 | 25 | 30 | 56.67 | 0 | 3 | 5.56 | 17.50 |
| Mythology | 0 | 3 | 1 | 0 | 25 | 43 | 54.33 | 1 | 1 | 15.92 | 30.00 |
| Fine Arts - Other | 0 | 3 | 2 | 1 | 20 | 39 | 71.67 | 2 | 2 | 3.23 | 10.00 |
| Science - Biology | 0 | 3 | 2 | 0 | 20 | 73 | 79.00 | 0 | 1 | 0.00 | 0.00 |
| Literature - World | 0 | 2 | 1 | 0 | 15 | 69 | 69.00 | 0 | 1 | 8.44 | 17.50 |
| Literature - European | 0 | 2 | 1 | 0 | 15 | 87 | 95.50 | 0 | 1 | 0.00 | 0.00 |
| Literature - American | 0 | 2 | 1 | 1 | 15 | 73 | 100.00 | 0 | 0 | 0.00 | 0.00 |
| Science - Chemistry | 0 | 1 | 0 | 0 | 10 | 88 | 88.00 | 0 | 1 | 0.00 | 0.00 |
| Pop Culture | 0 | 1 | 0 | 0 | 10 | 49 | 49.00 | 0 | 1 | 0.00 | 0.00 |
| Literature - British | 0 | 1 | 1 | 0 | 5 | 101 | 101.00 | 0 | 1 | 0.00 | 0.00 |
| Science - Other | 0 | 0 | 1 | 0 | -5 | 0.00 | 0 | 0 | 0.00 | 0.00 | |
| History - Other | 0 | 1 | 3 | 0 | -5 | 38 | 38.00 | 1 | 1 | 3.09 | 7.50 |